Παιδαγωγικά τμήματα και το μέλλον τους : εκπαίδευση εκπαιδευτικών : προκλήσεις και προοπτικές σε έναν κόσμο που αλλάζει

Saved in:
Bibliographic Details
Other Authors: Σοφός, Λοΐζος (Editor), Τσιμπιδάκη, Ασημίνα Θ. (edtf), Δάρρα, Μαρία, Μ. (edtf), Κλαδάκη, Μαρία (edtf), Κώστας, Απόστολος Α. (Editor), Οικονομάκου, Μαριάνθη (edtf)
Format: Book
Language:Greek
Published: Αθήνα : Γρηγόρη, 2019.
Subjects:
Tags: Add Tag
No Tags, Be the first to tag this record!

MARC

LEADER 00000nam a2200000 a 4500
001 1/127091
008 230726s2019####gr | ||| |||| ||gre||
020 |a 9789606122705 
040 |a GR-MyUa  |b gre  |c GR-MyUa  |e AACR2 
041 0 |a gre 
082 7 |a 372.071   |2 (23) 
245 0 0 |a Παιδαγωγικά τμήματα και το μέλλον τους :   |b εκπαίδευση εκπαιδευτικών : προκλήσεις και προοπτικές σε έναν κόσμο που αλλάζει /   |c επιμελητές: Αλιβίζος (Λοΐζος) Σοφός, Μαρία Δάρρα, Ασημίνα Τσιμπιδάκη, Μαρία Κλαδάκη, Απόστολος Κώστας ; γλωσσική επιμέλεια: Μαριάνθη Οικονομάκου. 
260 |a Αθήνα :   |b Γρηγόρη,   |c 2019. 
300 |a 274 σ. ;   |c 24 εκ.  
504 |a Περιλαμβάνει βιβλιογραφικές παραπομπές. 
650 0 |a Education  |x Study and teaching (Higher)  |z Greece. 
700 1 |a Σοφός, Λοΐζος,  |e edt 
700 1 |a Τσιμπιδάκη, Ασημίνα Θ.  |e edtf 
700 1 |a Δάρρα, Μαρία, Μ.  |e edtf 
700 1 |a Κλαδάκη, Μαρία,  |e edtf 
700 1 |a Κώστας, Απόστολος Α.  |e edt 
700 1 |a Οικονομάκου, Μαριάνθη,  |e edtf 
852 |a INST  |b RHODES  |e 20230726  |h 372.071 ΠΑΙ  |p 005400043733  |q 005400043733  |t BK  |y 0 
970 |z 26-07-2023